00677cam a2200205 a 450000100100000000500170001000800410002702000150006804000180008308200180010110000270011924500310014626000440017730000210022165000280024265000310027091000340030195201210033599900150045600000804820200929154417.0941222s1993 sp 000 1 spa  a8479790822 aDO-SdBNPcDLC a863.44bP226e1 aPardo, Jesús.91090310aEclipses /cJesús Pardo. aMadrid :bAnaya & Mario Muchnik,c1993. a300 p. ;c22 cm. 4aNovela española91123 4aLiteratura española9632 aCatalogación por copia / LC 001052708MOaGRbGRcCTd2009-09-14iLF1l0o863.44 P226ep8048-10r2020-06-25w2020-06-25y2ZPréstamo interno c7825d7825